Reducción y reutilización de residuos de vidrio claro en Guatemala / (Registro nro. 2536)

Detalles MARC
000 -LEADER
campo de control de longitud fija 02246nam a22003377a 4500
001 - NÚMERO DE CONTROL
campo de control 42835
003 - IDENTIFICADOR DE NÚMERO DE CONTROL
campo de control gtgccic
005 - FECHA Y HORA DE LA ÚLTIMA TRANSACCIÓN
campo de control 20251120155511.0
007 - CAMPO FIJO DE DESCRIPCIÓN FÍSICA--INFORMACIÓN GENERAL
campo de control de longitud fija ta
008 - DATOS DE LONGITUD FIJA--INFORMACIÓN GENERAL
campo de control de longitud fija 251120b gt ||||| |||| 00| 0 spa d
040 ## - FUENTE DE CATALOGACIÓN
Centro catalogador/agencia de origen gtgccic
Lengua de catalogación spa
Centro/agencia transcriptor gtgccic
Normas de descripción rda
084 ## - OTRO NÚMERO DE CLASIFICACIÓN
Número de control del registro de autoridad o número normalizado TPI-17-0122
100 10 - ENTRADA PRINCIPAL--NOMBRE DE PERSONA
Nombre de persona Carlos Alberto Spiegeler Benitez
Fechas asociadas al nombre Ingeniero Industrial
Término indicativo de función/relación autor
245 10 - MENCIÓN DEL TÍTULO
Título Reducción y reutilización de residuos de vidrio claro en Guatemala /
Mención de responsabilidad, etc. Spiegeler Benitez, Carlos Alberto
264 #1 - PRODUCCIÓN, PUBLICACIÓN, DISTRIBUCIÓN, FABRICACIÓN Y COPYRIGHT
Producción, publicación, distribución, fabricación y copyright Guatemala, Guatemala :
Nombre del de productor, editor, distribuidor, fabricante USAC, Facultad de Ingeiería ;
Fecha de producción, publicación, distribución, fabricación o copyright 2017.-
300 ## - DESCRIPCIÓN FÍSICA
Extensión xviii, 69 p. :
Otras características físicas il. ;
Dimensiones 27 cm
336 ## - TIPO DE CONTENIDO
Fuente rdacontenido
Término de tipo de contenido Texto
Código de tipo de contenido txt
337 ## - TIPO DE MEDIO
Fuente rdamedio
Nombre/término del tipo de medio sin mediación
Código del tipo de medio n
338 ## - TIPO DE SOPORTE
Fuente rdasoporte
Nombre/término del tipo de soporte volumen
Código del tipo de soporte nc
502 ## - NOTA DE TESIS
Nota de tesis Tesis Postgrado
Tipo de título MAESTRO EN ARTES EN ENERGÍA Y AMBIENTE
Nombre de la institución que otorga el título USAC, Facultad de Ingeniería, Escuela de Postgrado
Año de obtención del título 2017
Identificador de la tesis TPI-17-0122
504 ## - NOTA DE BIBLIOGRAFÍA, ETC.
Nota de bibliografía, etc. Nota Bibliografía pag. 65
505 ## - NOTA DE CONTENIDO CON FORMATO
Título 1. MARCO TEÓRICO (compuestos del vidrio)
505 ## - NOTA DE CONTENIDO CON FORMATO
Título 2. DESARROLLO DE LA INVESTIGACIÓN (descripción del vidrio claro)
505 ## - NOTA DE CONTENIDO CON FORMATO
Título 3. PRESENTACIÓN DE RESULTADOS (desperdicios y desechos
505 ## - NOTA DE CONTENIDO CON FORMATO
Título 4. DISCUSIÓN DE RESULTADOS
520 #3 - RESUMEN, ETC.
Sumario, etc. Actualmente Guatemala es un país en donde el vidrio se trabaja en distintas áreas de la construcción como en la fabricación de bebidas carbonatadas, al año se procesan 39,081 toneladas de vidrio, es el lider de la región; se recicla 15,084 toneladas al año, esto indica que también debería ser los pioneros en la reducción y reutilización de los residuos a gran escala, utilizando procesos que no solo conllevara a la reducción de costos innecesarios en la producción para la industria guatemalteca sino para mentener al ambiente libre de desechos que tardarían siglos en degradarse. Para la reducción y reutilización de los residuos del vidrio, se contó con la implementación de mecanismos y procedimientos que indican cuáles son los pasos a seguir para el buen manejo de estos y cuál es su destino final, para la creación de nuevos productos que tendrían un impacto positivo para la industria del vidrio de la nación.
650 ## - PUNTO DE ACCESO ADICIONAL DE MATERIA--TÉRMINO DE MATERIA
Término de materia o nombre geográfico como elemento de entrada RESIDUOS DE VIDRIO
700 ## - ENTRADA AGREGADA--NOMBRE PERSONAL
Nombre de persona ING. MS. Eder Luis Maldonado
Término indicativo de función/relación asesor
942 ## - ELEMENTOS DE ENTRADA SECUNDARIOS (KOHA)
Fuente de la clasificación o esquema de estantería Clasificación Decimal Dewey
Tipo de ítem Koha TESISPOSTGRADO
945 ## - PROCESAMIENTO DE INFORMACIÓN LOCAL (OCLC)
a amlo
Existencias
Estatus retirado Estado de pérdida Fuente de la clasificación o esquema de estantería Estado de daño No para préstamo Biblioteca de origen Biblioteca actual Fecha de adquisición Número de inventario Total de préstamos Signatura topográfica completa Código de barras Visto por última vez Precio de reemplazo Tipo de ítem Koha Nota pública
    Clasificación Decimal Dewey     CENTRO DE INFORMACIÓN A LA CONSTRUCCIÓN-CICON CENTRO DE INFORMACIÓN A LA CONSTRUCCIÓN-CICON 20/11/2025 P20170122   TPI-17-0122 20170122 20/11/2025 20/11/2025 TESISPOSTGRADO disponible